Name the Country by Landmark! #3 - Statistics

General Stats
  • This quiz has been taken 16 times
  • The average score is 12 of 20
Answer Stats
Picture Answer % Correct
Greece
100%
Netherlands
100%
Russia
100%
Canada
93%
France
93%
Japan
93%
Germany
80%
Argentina
73%
Hungary
60%
Madagascar
60%
United States of America (Virgin Islands)
60%
Israel / Palestine
53%
Norway
53%
Portugal
53%
South Korea
47%
Finland
40%
New Zealand
20%
Fiji
7%
Jamaica
7%
Suriname
0%
No matching quizzes found
Score Distribution
Percent of People with Each Score
Percentile by Number Answered
Your Score History
You have not taken this quiz